Temps mort - Booba - Statistiques

Statistiques générales
  • Ce quiz a été pris 14 fois
  • Le résultat moyen est 129 sur 237
Statistiques - réponses
Hint Réponse % Correct
je
100%
à
90%
mon
90%
Mon
90%
ce
80%
c'est
80%
C'est
80%
de
80%
et
80%
il
80%
le
80%
ma
80%
mort
80%
putain
80%
Putain
80%
temps
80%
Temps
80%
Un
80%
un
80%
baiser
70%
Intro B.O.
70%
d'époque
70%
gun
70%
morceau
70%
9.2
60%
chauve
60%
des
60%
dorsaux
60%
écoute
60%
Ecoute
60%
enlève
60%
faut
60%
ici
60%
60%
les
60%
lingerie
60%
pote
60%
que
60%
se
60%
son
60%
suis
60%
ta
60%
Couplet unique Une
60%
une
60%
100-8
50%
30
50%
air
50%
au
50%
B2O
50%
demande
50%
fait
50%
inscrit
50%
leur
50%
leurs
50%
mes
50%
parce
50%
pas
50%
pour
50%
putains
50%
qu'on
50%
Sans
50%
score
50%
Sous
50%
style
50%
t'entends
50%
tous
50%
tout
50%
Zoo
50%
Alors
40%
avant
40%
balle
40%
banlieue
40%
Boulogne
40%
dans
40%
d'électorat
40%
dôme
40%
doudounes
40%
être
40%
euj
40%
flow
40%
Glocks
40%
j'aurais
40%
merde
40%
niquer
40%
ont
40%
ouvrir
40%
piges
40%
poc
40%
porc
40%
riche
40%
t'auras
40%
thorax
40%
Venu
40%
weed
40%
ça
30%
d'autres
30%
d'homme-singe
30%
d'oinj
30%
haine
30%
Moi
30%
moi
30%
n'a
30%
nerfs
30%
portes
30%
Tonton
30%
45
20%
blocs
20%
Pont Booba
20%
changé
20%
change
20%
chienne
20%
Chouf
20%
dangereux
20%
Injection
20%
j'demande
20%
kick
20%
know
20%
malheureux
20%
part
20%
peu
20%
quartier
20%
relâche
20%
reviens
20%
Outro Rien
20%
Tricher
20%
you
20%
douze
10%
keuchs
10%
Kho
10%
nous
10%
check
0%
cous'
0%
crew
0%
d'92
0%
d'rounds
0%
encore
0%
hein
0%
Aucun quiz correspondant
Distribution des résultats
% des personnes avec chaque résultat
Percentile par nombre de réponses
Votre historique - résultats
Vous n’avez pas pris ce quiz